| 000 | 00567nam a22001697a 4500 | ||
|---|---|---|---|
| 005 | 20251108172842.0 | ||
| 008 | 250721s1998 xx 000 0 ara d | ||
| 082 | 1 | 4 | _a631.7/ندو |
| 245 | 1 | 0 | _aدراسة حول زيادة و تحسين الإستفادة من نظم الري الحديثة / |
| 264 | 1 |
_aالخرطوم : _bجامعة الدول العربية، _c1998. |
|
| 300 | _a127 ص | ||
| 650 | 1 | 7 | _aالري |
| 650 | 1 | 7 | _aالأنظمة |
| 710 | 2 | _aالمنظمة العربية للتنمية الزراعية | |
| 942 |
_2ddc _cBK |
||
| 999 |
_c90072 _d90072 |
||